000 00869nam a2200253Ia 4500
003 OSt
005 20221005104624.0
006 a|||||r|||| 00| 0
007 ta
008 221004b |||||||| |||| 00| 0 hin d
024 _a28449
037 _cTextual
040 _aCRL
_cCRL
_bhin
041 _2hin
_ahin
082 _aO152,3M83x, L3
100 _aव्यास, श्रीकान्त, संपा.
245 0 _aगुलेरी की अमर कहानियॉं
246 _aGulerī kī amar kahāniyaॉan
260 _aदिल्ली
_bलिपि प्रकाशन भारत
_c1973
300 _a72पृ.
_ccm.
650 _aहिन्दी कहानी
942 _hO152,3M83x, L3
_cTEXL
_2cc
999 _c1013275
_d1013275